00660 2200253 4500001002100000008004100021035002000062245003700082100001400119110001400133260003500147300001200182020001800194084001400212082000800226650002700234990001900261990002100280990002100301990002100322990002100343990002100364990002100385INLIS000000000001175 ind  a0010-0724001175 aBudidaya Salak PondohcHarwimuka aHarwimuka aHarwimuka aSurabayabInsan Cendekiac2007 a48 hlm. a979.9408.90.3 a634 HAR b a634 aPerkebunan Buah-buahan aP29/CP/24/1175 aP29/CP/24/1175.1 aP29/CP/24/1175.2 aP29/CP/24/1175.3 aP29/CP/24/1175.4 aP29/CP/24/1175.5 aP29/CP/24/1175.6